| 000 | 00343pab a2200145 454500 | ||
|---|---|---|---|
| 008 | 180718b1988 xxu||||| |||| 00| 0 eng d | ||
| 100 | _aPrasad, Chandra Bhan | ||
| 245 |
_aFeminist movement _bForgotten caste factor |
||
| 260 | _c1988 | ||
| 300 | _a17-18,23 | ||
| 362 | _a30 Jul. | ||
| 650 | _aWomen | ||
| 773 | _aMainstream | ||
| 909 | _a20773 | ||
| 999 |
_c20773 _d20773 |
||